| 000 | 01913nam a2200373 c 4500 | ||
|---|---|---|---|
| 003 | BLK | ||
| 005 | 20250128005519.0 | ||
| 008 | 180408b bul|||||r ||||||| ||bul|| | ||
| 010 | _aKNG00084840000 | ||
| 040 | _aBLK | ||
| 041 |
_aBUL _cBUL |
||
| 080 |
_aСпециална част на наказателното право. Видове наказуеми действия - Срещу собствена или чужда държава и управлението, политически престъпления,геноцид(прав.аспекти), наркотрафик, против мира, обществен _b343.3/.7 _x(497.2)(092)(02.062) _z343.3/.7(497.2)(092)(02.062) |
||
| 080 |
_aПолитическо преследване. Терористични действия. Тероризъм - Атентати, политически убийства. Вж и 343.1 ; 343.3/.7 _b323.28 _x(497.2)(092)(02.062) _z323.28(497.2)(092)(02.062) |
||
| 080 |
_aБиографии _b929 _x(497.2) _z929(497.2) |
||
| 100 | 1 |
_aЗлатков, Димитър _eпърви автор _9292979 |
|
| 139 |
_aЗлатков, Димитър _bЗ 73 |
||
| 245 | 1 | 0 |
_aОткуп _bПохитени за пари _cДимитър Златков. |
| 257 | _aBGR | ||
| 260 |
_аСофия _bМилениум _c2008 _fСофия : Мултипринт |
||
| 300 |
_a141 с. _bс ил. _c20 см |
||
| 380 | _a3 | ||
| 650 | 4 |
_aМафия - България _9250884 |
|
| 650 | 0 |
_aВътрешна политика - България _9249071 |
|
| 650 | 4 |
_aОрганизирана престъпност - България _9277782 |
|
| 653 | _aмафия | ||
| 653 | _aвътрешна политика | ||
| 653 | _aотвличане | ||
| 852 | _aЦб 240740 | ||
| 856 | 4 |
_qpdf _u |
|
| 856 | 4 |
_qpdf _u |
|
| 942 |
_cKNG _n0 _01 |
||
| 944 |
_aCR _c14.08.2008 _k _lCRON CRON |
||
| 944 |
_aED _c24.06.2009 _k |
||
| 999 |
_c80355 _d80355 |
||